000 02295nam a22003017a 4500
003 NALT
005 20250130154551.0
008 241218b th ||||| |||| 00| 0 tha d
020 _a9789747709926
040 _aNALT
041 0 _atha
_hger
050 _aDS 575.5.G3
_bฟ624 2556
245 1 0 _aFestschrift 150 ปี ความสัมพันธ์ทางการทูตไทย-เยอรมนี :
_bอดีต - ปัจจุบัน - มุ่งสู่อนาคต /
_cพรสรรค์ วัฒนางกูร, บรรณาธิการ.
246 3 1 _aFestschrift 150 jahre Thai-Deutsche diplomatische beziehungen : vergangenheit-gegenwart in die zukunft.
260 _aกรุงเทพฯ :
_bกระทรวงการต่างประเทศ,
_c2556.
300 _a xxii, 363 หน้า :
_bภาพประกอบ ;
_c24 ซม.
505 0 _aประวัติศาสตร์ความสัมพันธ์ไทย-เยอรมนี -- ประสบการณ์ร่วม-สายใยสัมพันธ์ไทย-เยอรมนี จากอดีตถึงปัจจุบันมุ่งสู่อนาคต -- ความร่วมมือไทย-เยอรมันด้านวัฒนธรรมและกฎหมาย -- ความร่วมมือทางวิชาการระหว่างไทย-เยอรมนี ก้าวย่างสู่อนาคต-วิทยาศาสตร์และเทคโนโลยี -- สังคม การค้า และเศรษฐกิจ.
650 4 _aการทูต
_916319
650 0 _aDiplomacy
_932764
651 4 _aไทย
_xความสัมพันธ์กับต่างประเทศ
_zเยอรมนี
_960381
651 4 _aเยอรมัน
_xความสัมพันธ์กับต่างประเทศ
_zไทย
_953669
651 0 _aThailand
_xForeign relations
_zGermany
_932195
651 0 _aGermany
_xForeign relations
_zThailand
_932194
700 0 _aพรสรรค์ วัฒนางกูร
_960382
850 _aNALT
942 _2lcc
_cGB
996 _akornsiririn.r
_bCATSTF
_c2024-12-18
999 _c98930
_d98930
998 _j3099
_k พรวิทู โค้วคชาภรณ์